[Event "Togliatti AVTOVAZ CCC"]
[Site "Togliatti"]
[Date "2008.09.05"]
[Round "3"]
[White "Bondar, Vladimir A"]
[Black "Sudarikov, Sergey"]
[Result "1-0"]
[WhiteElo "2205"]
[BlackElo "2218"]
[PlyCount "75"]
[EventDate "2008.09.05"]
[EventType "tourn"]
[EventRounds "11"]
[EventCountry "RUS"]
[SourceTitle "EXT 2022"]
[Source "ChessBase"]
[SourceDate "2021.10.06"]
[SourceVersion "1"]
[SourceVersionDate "2021.10.06"]
[SourceQuality "1"]

1. e4 c5 2. Nf3 Nc6 3. Bb5 g6 4. 0-0 Bg7 5. c3 e5 6. Na3 Nge7 7. Re1 0-0 8. Nc2 a6 9. Bf1 d5 10. exd5 Nxd5 11. d4 cxd4 12. cxd4 Bg4 13. dxe5 Nxe5 14. Ncd4 Ne7 15. Bf4 Nxf3+ 16. Nxf3 Nc6 17. h3 Bf5 18. Qb3 b5 19. Rad1 Qb6 20. Rd6 Rfd8 21. Ng5 Qb7 22. Rxc6 Qxc6 23. Qxf7+ Kh8 24. Be5 Rg8 25. Qxf5 h6 26. Nf7+ Kh7 27. Qb1 Qd5 28. Bxg7 Rxg7 29. Ne5 Re8 30. Ng4 Rxe1 31. Qxe1 Qg5 32. Bd3 Rc7 33. Qe6 Qc1+ 34. Kh2 Qf4+ 35. g3 Qf7 36. Qxf7+ Rxf7 37. Bxg6+ Kxg6 38. Ne5+ 1-0

[Event "Togliatti AVTOVAZ CCC"]
[Site "Togliatti"]
[Date "2008.09.05"]
[Round "1"]
[White "Kryukov, Vladimir"]
[Black "Sudarikov, Sergey"]
[Result "1-0"]
[WhiteElo "2161"]
[BlackElo "2218"]
[PlyCount "73"]
[EventDate "2008.09.05"]
[EventType "tourn"]
[EventRounds "11"]
[EventCountry "RUS"]
[SourceTitle "EXT 2022"]
[Source "ChessBase"]
[SourceDate "2021.10.06"]
[SourceVersion "1"]
[SourceVersionDate "2021.10.06"]
[SourceQuality "1"]

1. e4 d6 2. d4 Nf6 3. Nc3 g6 4. Bg5 Bg7 5. f3 c6 6. Qd2 Nbd7 7. 0-0-0 Qa5 8. Bh6 Bxh6 9. Qxh6 b5 10. Kb1 Nb6 11. e5 b4 12. exf6 bxc3 13. fxe7 Be6 14. b3 Nd5 15. Ne2 Rb8 16. Qc1 Kxe7 17. h4 Rb7 18. g4 Rhb8 19. Re1 Kd7 20. Rh2 Rb6 21. Ka1 Qb4 22. Rd1 a5 23. a3 Ra6 24. Nf4 Qb6 25. Nxe6 fxe6 26. Bc4 Ra7 27. Bxd5 cxd5 28. Qe3 Rc7 29. Re2 Re8 30. Rd3 Qc6 31. a4 e5 32. dxe5 Rxe5 33. Qf2 Qc5 34. Ka2 Qb4 35. Rxe5 dxe5 36. Rxd5+ Ke6 37. Rb5 1-0

[Event "Togliatti AVTOVAZ CCC"]
[Site "Togliatti"]
[Date "2008.09.05"]
[Round "9"]
[White "Sudarikov, Sergey"]
[Black "Kirpichnikov, Vladimir V"]
[Result "0-1"]
[WhiteElo "2218"]
[BlackElo "2194"]
[PlyCount "56"]
[EventDate "2008.09.05"]
[EventType "tourn"]
[EventRounds "11"]
[EventCountry "RUS"]
[SourceTitle "EXT 2022"]
[Source "ChessBase"]
[SourceDate "2021.10.06"]
[SourceVersion "1"]
[SourceVersionDate "2021.10.06"]
[SourceQuality "1"]

1. e4 c5 2. Nf3 d6 3. Bb5+ Bd7 4. Bxd7+ Qxd7 5. 0-0 Nc6 6. d4 cxd4 7. Nxd4 Nf6 8. Nc3 g6 9. f3 Bg7 10. Be3 0-0 11. Nxc6 bxc6 12. Qd2 Rfd8 13. Rad1 Qc7 14. Qf2 Qa5 15. Rd3 d5 16. Bc5 e6 17. a4 Nd7 18. b4 Qc7 19. a5 Ne5 20. Qg3 Qb7 21. Rdd1 Nd7 22. f4 Nxc5 23. bxc5 Qb4 24. e5 Qxa5 25. h4 Qxc5+ 26. Kh2 Rdb8 27. h5 Rb4 28. Rf3 Rc4 0-1

[Event "Togliatti AVTOVAZ CCC"]
[Site "Togliatti"]
[Date "2008.09.05"]
[Round "11"]
[White "Sudarikov, Sergey"]
[Black "Ozhegov, Vitaly"]
[Result "1-0"]
[WhiteElo "2218"]
[BlackElo "2223"]
[PlyCount "112"]
[EventDate "2008.09.05"]
[EventType "tourn"]
[EventRounds "11"]
[EventCountry "RUS"]
[SourceTitle "EXT 2022"]
[Source "ChessBase"]
[SourceDate "2021.10.06"]
[SourceVersion "1"]
[SourceVersionDate "2021.10.06"]
[SourceQuality "1"]

1. e4 e6 2. d3 g6 3. Nf3 Bg7 4. Bg5 Ne7 5. c3 c5 6. Nbd2 Nbc6 7. Be2 h6 8. Bh4 d5 9. 0-0 0-0 10. h3 g5 11. Bg3 Ng6 12. Re1 b6 13. Bf1 Bb7 14. a3 a5 15. Rc1 a4 16. e5 Nce7 17. d4 c4 18. Nh2 Nf5 19. Qh5 Bc6 20. Ng4 Be8 21. Be2 f6 22. exf6 Nf4 23. fxg7 Kxg7 24. Qxe8 Rxe8 25. Bxf4 gxf4 26. Ne5 Kh7 27. Bh5 Rg8 28. Bf7 Qg5 29. Ng4 Rae8 30. Nf3 Qg7 31. Bxe6 Rxe6 32. Rxe6 Rf8 33. Rce1 h5 34. Nge5 Rf6 35. Re8 Nd6 36. Rd8 Kh6 37. Rd7 Qg8 38. Nh4 Ne4 39. Re2 f3 40. Nexf3 Ng5 41. Re5 Rxf3 42. Rd6+ Kh7 43. Rg6 Nxh3+ 44. gxh3 Qxg6+ 45. Nxg6 Kxg6 46. Kg2 Rf5 47. Re6+ Rf6 48. Rxf6+ Kxf6 49. Kg3 Kg5 50. f4+ Kf5 51. Kh4 Kxf4 52. Kxh5 Kf5 53. h4 b5 54. Kh6 Kf6 55. h5 Kf7 56. Kg5 Kg7 1-0

[Event "Soukhumi op"]
[Site "Soukhumi"]
[Date "2007.08.10"]
[Round "7"]
[White "Ganizhev, Maxim"]
[Black "Sudarikov, Sergey"]
[Result "1/2-1/2"]
[WhiteElo "1943"]
[BlackElo "2218"]
[PlyCount "56"]
[EventDate "2007.08.03"]
[EventType "swiss"]
[EventRounds "9"]
[EventCountry "RUS"]
[SourceTitle "EXT 2009"]
[Source "ChessBase"]
[SourceDate "2008.11.26"]
[SourceVersion "1"]
[SourceVersionDate "2008.11.26"]
[SourceQuality "1"]

1. e4 c5 2. Nf3 e6 3. d4 cxd4 4. Nxd4 a6 5. Nc3 Qc7 6. Bd3 Nf6 7. 0-0 Nc6 8. Nxc6 dxc6 9. Be3 e5 10. Na4 c5 11. c4 Ng4 12. Bc1 Be6 13. Nc3 h5 14. h3 Nf6 15. Nd5 Bxd5 16. exd5 0-0-0 17. Qc2 Ne8 18. a3 g6 19. f4 exf4 20. Bxf4 Bd6 21. Bxd6 Nxd6 22. Rae1 Rde8 23. Qd2 Rxe1 24. Rxe1 Re8 25. Rxe8+ Nxe8 26. Qe3 Kd8 27. Qg5+ Kd7 28. Kf2 Qb6 1/2-1/2

[Event "Soukhumi op"]
[Site "Soukhumi"]
[Date "2007.08.03"]
[Round "1"]
[White "Sudarikov, Sergey"]
[Black "Ponfilenok, Vladimir"]
[Result "1/2-1/2"]
[WhiteElo "2218"]
[BlackElo "2404"]
[PlyCount "78"]
[EventDate "2007.08.03"]
[EventType "swiss"]
[EventRounds "9"]
[EventCountry "RUS"]
[SourceTitle "EXT 2009"]
[Source "ChessBase"]
[SourceDate "2008.11.26"]
[SourceVersion "1"]
[SourceVersionDate "2008.11.26"]
[SourceQuality "1"]

1. Nf3 d5 2. c4 c6 3. cxd5 cxd5 4. d4 Nf6 5. Nc3 g6 6. Bg5 Bg7 7. e3 0-0 8. Bd3 Nc6 9. h3 Bf5 10. Bxf5 gxf5 11. Bxf6 Bxf6 12. Qb3 e6 13. Qxb7 Qd6 14. Qa6 Rab8 15. Rb1 Rfd8 16. Qd3 Ne7 17. 0-0 Ng6 18. Rfc1 Kh8 19. Nb5 Qb6 20. a4 Qa5 21. b3 Rb7 22. Rc5 Qb6 23. Qc3 Rbd7 24. Rc6 Qb7 25. Rc1 a6 26. Na3 Be7 27. Nc2 Rb8 28. Rb1 a5 29. Ne5 Nxe5 30. dxe5 Bb4 31. Nxb4 Qxb4 32. Rc8+ Kg7 33. Qc6 Rdb7 34. Qe8 Rxc8 35. Qxc8 Qe4 36. Qxb7 Qxb1+ 37. Kh2 Qe1 38. Kg3 Qc3 39. Kf4 d4 1/2-1/2

[Event "Privolzhskogo FO-ch"]
[Site "Togliatti"]
[Date "2007.03.30"]
[Round "9"]
[White "Pavlovski, Yaroslav"]
[Black "Sudarikov, Sergey"]
[Result "1-0"]
[WhiteElo "2266"]
[BlackElo "2232"]
[PlyCount "67"]
[EventDate "2007.03.22"]
[EventType "swiss"]
[EventRounds "9"]
[EventCountry "RUS"]
[SourceTitle "EXT 2010"]
[Source "ChessBase"]
[SourceDate "2010.11.25"]
[SourceVersion "1"]
[SourceVersionDate "2010.11.25"]
[SourceQuality "1"]

1. e4 e6 2. d4 d5 3. Nc3 Bb4 4. e5 Ne7 5. a3 Bxc3+ 6. bxc3 c5 7. Nf3 Nbc6 8. Bd3 Qa5 9. Qd2 Bd7 10. 0-0 c4 11. Be2 0-0-0 12. a4 h5 13. Ba3 Nf5 14. Rfb1 f6 15. Bf1 Rdg8 16. Rb5 Qc7 17. Rab1 b6 18. Re1 fxe5 19. dxe5 g5 20. Rbb1 g4 21. Nd4 Ncxd4 22. cxd4 Bxa4 23. Ra1 Bc6 24. c3 h4 25. Ra2 g3 26. fxg3 hxg3 27. h3 Be8 28. Rea1 Rg7 29. Bd6 Qb7 30. Qb2 Rhh7 31. Be2 Bh5 32. Bxh5 Rxh5 33. Qb5 Rh8 34. Rxa7 1-0

[Event "Privolzhskogo FO-ch"]
[Site "Togliatti"]
[Date "2007.03.26"]
[Round "5"]
[White "Ryabuh, Dmitry"]
[Black "Sudarikov, Sergey"]
[Result "1-0"]
[WhiteElo "2134"]
[BlackElo "2232"]
[PlyCount "116"]
[EventDate "2007.03.22"]
[EventType "swiss"]
[EventRounds "9"]
[EventCountry "RUS"]
[SourceTitle "EXT 2010"]
[Source "ChessBase"]
[SourceDate "2010.11.25"]
[SourceVersion "1"]
[SourceVersionDate "2010.11.25"]
[SourceQuality "1"]

1. d4 Nf6 2. Nf3 b5 3. Bf4 Bb7 4. e3 a6 5. h3 e6 6. Be2 c5 7. 0-0 Nc6 8. c3 Be7 9. Nbd2 0-0 10. Re1 Rc8 11. Bd3 d6 12. Qe2 Qb6 13. a4 c4 14. Bc2 Rfe8 15. e4 Nd7 16. axb5 axb5 17. d5 exd5 18. exd5 Nce5 19. Bxe5 dxe5 20. Nxe5 Nf6 21. Ng4 Nxd5 22. Qe4 g6 23. Qe5 Bf8 24. Qg5 Bg7 25. Nh6+ Kf8 26. Be4 Re5 27. Qg3 Rce8 28. Ng4 R5e7 29. Kf1 h5 30. Bxd5 Bxd5 31. Rxe7 Rxe7 32. Ne3 Be6 33. Qf4 Qd8 34. Ne4 b4 35. Rd1 Rd7 36. Rxd7 Qxd7 37. Qb8+ Ke7 38. Qxb4+ Kd8 39. Nc5 Qd2 40. Qb6+ Ke7 41. Qc7+ Kf8 42. Nxe6+ fxe6 43. Qb8+ Kf7 44. Kg1 Bh6 45. Nf1 Qd5 46. h4 Qe4 47. g3 Bc1 48. b3 cxb3 49. Qxb3 Qc6 50. c4 Bh6 51. Nh2 Bg7 52. Qf3+ Qxf3 53. Nxf3 Ke7 54. Kf1 Kd6 55. Ke2 Kc5 56. Kd3 Bf6 57. Ng5 Be7 58. Nxe6+ Kd6 1-0

[Event "Saratov Aratovsky Memorial 6th"]
[Site "Saratov"]
[Date "2006.12.04"]
[Round "8"]
[White "Sudarikov, Sergey"]
[Black "Andreev, Eduard"]
[Result "0-1"]
[WhiteElo "2245"]
[BlackElo "2459"]
[PlyCount "110"]
[EventDate "2006.11.27"]
[EventType "swiss"]
[EventRounds "9"]
[EventCountry "RUS"]
[SourceTitle "EXT 2008"]
[Source "ChessBase"]
[SourceDate "2007.11.25"]
[SourceVersion "1"]
[SourceVersionDate "2007.11.25"]
[SourceQuality "1"]

1. d4 Nf6 2. Bg5 e6 3. e3 h6 4. Bh4 d6 5. c4 Nbd7 6. Nc3 Be7 7. Qc2 c5 8. Nf3 cxd4 9. Nxd4 a6 10. Be2 0-0 11. 0-0 Qc7 12. Rac1 b6 13. f3 Bb7 14. Rfd1 Rac8 15. e4 Rfe8 16. Bf2 Qb8 17. Qd2 Bd8 18. Nc2 Bc7 19. Ne3 Ne5 20. Bh4 g5 21. Bf2 Kh7 22. h4 Rg8 23. hxg5 hxg5 24. Kf1 Rg6 25. Qc2 Kg7 26. b3 Rh6 27. Ke1 b5 28. Qb2 bxc4 29. bxc4 Ba5 30. Qa3 Qc7 31. Qxd6 Rh1+ 32. Bf1 Qxd6 33. Rxd6 Bxe4 34. Rxa6 Nd3+ 35. Kd2 Bxc3+ 36. Rxc3 Nxf2 37. Ke2 Nd3 38. fxe4 Nc5 39. Ra7 Nfxe4 40. Rc2 Rd8 41. g4 Ng3+ 42. Kf2 Nge4+ 43. Kf3 Nd2+ 44. Ke2 Nxf1 45. Nxf1 Rd4 46. Ra5 Re4+ 47. Kf2 Nd3+ 48. Kf3 Rf4+ 49. Ke2 Nb4 50. Rc1 Rxg4 51. c5 Nxa2 52. Ra1 Nc3+ 53. Kd3 Nd5 54. Nd2 Rh3+ 55. Kc2 Rg2 0-1

[Event "Saratov Aratovsky Memorial 6th"]
[Site "Saratov"]
[Date "2006.11.28"]
[Round "2"]
[White "Sudarikov, Sergey"]
[Black "Kuptsov, Jury"]
[Result "1-0"]
[WhiteElo "2245"]
[BlackElo "1873"]
[PlyCount "85"]
[EventDate "2006.11.27"]
[EventType "swiss"]
[EventRounds "9"]
[EventCountry "RUS"]
[SourceTitle "EXT 2008"]
[Source "ChessBase"]
[SourceDate "2007.11.25"]
[SourceVersion "1"]
[SourceVersionDate "2007.11.25"]
[SourceQuality "1"]

1. d4 d5 2. Bg5 Nf6 3. Bxf6 exf6 4. e3 Bd6 5. c4 dxc4 6. Bxc4 0-0 7. Nc3 b6 8. Qf3 c6 9. Nge2 Bb7 10. 0-0 Qd7 11. Rfd1 Na6 12. Ng3 Nc7 13. Nf5 g6 14. Nxd6 Qxd6 15. Ne4 Qd8 16. Nxf6+ Kg7 17. Ng4 Qe7 18. Ne5 Nd5 19. Nxc6 Bxc6 20. Bxd5 Bxd5 21. Qxd5 Rac8 22. Rac1 Qb4 23. Qb3 Qxb3 24. axb3 f5 25. Rc3 Rcd8 26. Rc7+ Rf7 27. Rdc1 Rdd7 28. Rxd7 Rxd7 29. Kf1 Kf6 30. Ke2 Ke6 31. Kd3 Kd6 32. b4 a6 33. Ra1 Ra7 34. b5 a5 35. Rc1 a4 36. Rc6+ Kd7 37. Rxb6 a3 38. bxa3 Rxa3+ 39. Ke2 Kc7 40. Ra6 Rb3 41. Ra7+ Kb6 42. Rxh7 g5 43. Kf3 1-0

[Event "Voronezh op"]
[Site "Voronezh"]
[Date "2005.06.20"]
[Round "8"]
[White "Bratus, Petr P"]
[Black "Sudarikov, Sergey"]
[Result "1-0"]
[WhiteElo "2294"]
[BlackElo "2187"]
[PlyCount "89"]
[EventDate "2005.06.12"]
[EventType "swiss"]
[EventRounds "9"]
[EventCountry "RUS"]
[SourceTitle "CBM 106 Extra"]
[Source "ChessBase"]
[SourceDate "2005.07.01"]
[SourceVersion "1"]
[SourceVersionDate "2005.07.01"]
[SourceQuality "1"]

1. Nf3 d5 2. d4 Nf6 3. c4 e6 4. Nc3 c6 5. e3 Nbd7 6. Bd3 Bd6 7. 0-0 0-0 8. e4 dxe4 9. Nxe4 Nxe4 10. Bxe4 Nf6 11. Bc2 Qc7 12. Bg5 Bf4 13. Qd3 Bxg5 14. Nxg5 g6 15. Rfe1 Rd8 16. Qf3 Kg7 17. Qc3 Qf4 18. Nf3 b6 19. Rad1 Bb7 20. g3 Qg4 21. Ne5 Qh3 22. Bd3 h5 23. Bf1 Qf5 24. Bg2 Rd6 25. b4 a5 26. b5 Rc8 27. bxc6 Rdxc6 28. Nxc6 Bxc6 29. d5 Bxd5 30. Bxd5 exd5 31. Rd4 g5 32. h4 Rxc4 33. Rxc4 dxc4 34. hxg5 Qxg5 35. Qxc4 b5 36. Qd4 Kh7 37. Qa7 Qd5 38. Qxa5 h4 39. gxh4 Nh5 40. Qb4 f5 41. Qe7+ Ng7 42. a3 Qf3 43. Qe3 Qd5 44. Qg3 Ne6 45. Qe5 1-0

[Event "Voronezh op"]
[Site "Voronezh"]
[Date "2005.06.15"]
[Round "4"]
[White "Sudarikov, Sergey"]
[Black "Fokin, Stanislav"]
[Result "0-1"]
[WhiteElo "2187"]
[BlackElo "2158"]
[PlyCount "73"]
[EventDate "2005.06.12"]
[EventType "swiss"]
[EventRounds "9"]
[EventCountry "RUS"]
[SourceTitle "CBM 106 Extra"]
[Source "ChessBase"]
[SourceDate "2005.07.01"]
[SourceVersion "1"]
[SourceVersionDate "2005.07.01"]
[SourceQuality "1"]

1. Nf3 d5 2. c4 e6 3. e3 c5 4. cxd5 exd5 5. d4 Nc6 6. Nc3 Nf6 7. Bb5 a6 8. Be2 Bd6 9. 0-0 0-0 10. b3 Re8 11. Bb2 b5 12. dxc5 Bxc5 13. Rc1 Qd6 14. Nxb5 axb5 15. Bxf6 Ba3 16. Bxb5 Bxc1 17. Qxc1 Bd7 18. Bb2 f6 19. a4 Ne5 20. Nd4 Ng4 21. g3 Rec8 22. Qd1 Ne5 23. Qh5 Bg4 24. Qh4 g5 25. Qh6 Nf7 26. Nf5 Bxf5 27. Qxf6 Qxf6 28. Bxf6 h6 29. h4 Bc2 30. hxg5 Nxg5 31. f4 Ne4 32. Bd4 Bxb3 33. Bd7 Rc2 34. Rb1 Nd2 35. Be6+ Kf8 36. Rxb3 Nxb3 37. Bxd5 0-1